|
|
|
|
| LEADER |
00000nas a2200000 a 4500 |
| 001 |
ssj0000456303 |
| 003 |
WaSeSS |
| 005 |
20200512172242.0 |
| 006 |
m d |
| 007 |
cr n |
| 008 |
100607c20109999rm fr pss 0 0eng c |
| 010 |
|
|
|a 2011238160
|
| 022 |
|
|
|a 2068-0317
|
| 035 |
|
|
|a (WaSeSS)ssj0000456303
|
| 040 |
|
|
|a QE2
|b eng
|c QE2
|d YAM
|d IUL
|d CUS
|d OCLCQ
|d OCLCF
|d OCLCO
|d OCLCQ
|d TXA
|d AU@
|d WaSeSS
|
| 041 |
0 |
|
|a eng
|a fre
|
| 042 |
|
|
|a pcc
|
| 050 |
|
4 |
|a GN1
|b .J687
|
| 210 |
0 |
|
|a J. Comp. Res. Antropol. Sociol.
|
| 222 |
|
0 |
|a Journal of Comparative Research in Antropology and Sociology
|
| 245 |
0 |
0 |
|a Journal of comparative research in anthropology and sociology
|h [electronic resource].
|
| 246 |
1 |
|
|a Compaso
|
| 260 |
|
|
|a [Bucharest] :
|b [Department of Sociology and Social Work],
|c [2010]-
|
| 310 |
|
|
|a Semiannual
|
| 362 |
1 |
|
|a Began with: Volume 1, Number 1 (Spring 2010).
|
| 500 |
|
|
|a Some issues have a distinctive title.
|
| 506 |
|
|
|a License restrictions may limit access.
|
| 538 |
|
|
|a Mode of access: World Wide Web.
|
| 546 |
|
|
|a Articles in English or French.
|
| 550 |
|
|
|a Edited by the Dept. of Sociology and Social Work, University of Bucharest.
|
| 588 |
|
|
|a Description based on: Volume 1, Number 1 (Spring 2010); title from PDF article running title (journal site, viewed March 20, 2018).
|
| 588 |
|
|
|a Latest issue consulted: Volume 8, Number 2 (Winter 2017) (journal site, viewed March 20, 2018).
|
| 650 |
|
0 |
|a Anthropology
|v Periodicals.
|
| 650 |
|
0 |
|a Sociology
|v Periodicals.
|
| 650 |
|
7 |
|a Anthropology.
|2 fast
|0 (OCoLC)fst00810196
|
| 650 |
|
7 |
|a Sociology.
|2 fast
|0 (OCoLC)fst01123875
|
| 655 |
|
0 |
|a Electronic journals.
|
| 710 |
2 |
|
|a Universitatea din Bucureşti.
|b Facultatea de Sociologie și Asistenta Socială.
|
| 856 |
4 |
0 |
|z Full text available from Research Library: 04/01/2010 to present
|u https://search.proquest.com/publication/1396369
|